| 000 | 01228nam a2200313Ia 4500 | ||
|---|---|---|---|
| 001 | ebr10269257 | ||
| 003 | CaPaEBR | ||
| 006 | m u | ||
| 007 | cr cn||||||||| | ||
| 008 | 090318s2009 maua sb 001 0 eng d | ||
| 020 | _z1598635654 | ||
| 020 | _z9781598635652 | ||
| 040 |
_aCaPaEBR _cCaPaEBR |
||
| 035 | _a(OCoLC)471133496 | ||
| 050 | 1 | 4 |
_aHD69.B87 _bP63 2009eb |
| 100 | 1 | _aPodeswa, Howard. | |
| 245 | 1 | 4 |
_aThe business analyst's handbook _h[electronic resource] / _cHoward Podeswa. |
| 260 |
_aBoston, Mass. : _bCourse Technology PTR : _ba part of Cengage Learning, _cc2009. |
||
| 300 |
_axix, 411 p. : _bill. |
||
| 504 | _aIncludes bibliographical references and index. | ||
| 533 |
_aElectronic reproduction. _bPalo Alto, Calif. : _cebrary, _d2009. _nAvailable via World Wide Web. _nAccess may be limited to ebrary affiliated libraries. |
||
| 650 | 0 | _aBusiness analysts. | |
| 650 | 0 | _aBusiness planning. | |
| 650 | 0 | _aBusiness requirements analysis. | |
| 650 | 0 |
_aBusiness _xComputer network resources. |
|
| 655 | 7 |
_aElectronic books. _2local |
|
| 710 | 2 | _aebrary, Inc. | |
| 856 | 4 | 0 |
_uhttp://site.ebrary.com/lib/rucke/Doc?id=10269257 _zAn electronic book accessible through the World Wide Web; click to view |
| 999 |
_c8441 _d8441 |
||